WW2 A-Z - Statistics

General Stats
  • This quiz has been taken 28 times
  • The average score is 17 of 26
Answer Stats
Hint Answer % Correct
B) Fascist dictator of Axis Italy Benito Mussolini
92%
E) Baltic nation occupied by the Soviet Union in 1940 Estonia
92%
A) The deadliest concentration camp Auschwitz
88%
H) Ruler of the ruthless Japanese Empire Hirohito
88%
F) Fought the Winter War against the Soviets from 1939-40 Finland
80%
L) British capital, heavily bombed during the German Blitz London
80%
N) WW2 criminal trials were held in this German city afterthe wars end Nuremberg
80%
W) Polish capital and site of a large Jewish ghetto during the war Warsaw
80%
D) This German city was firebombed in Feb 1945 Dresden
76%
I) A brutal battle took place on this small island where Americans raised the flag upon a hill in 1945 Iwo Jima
76%
U) Type of German submarine that attacked Allied ships U Boat
72%
Z) Central African country, then a colony of Belgium that aided inuranium production for Allied forces Zaire
72%
M) Decisive naval battle where Japan lost 4 fleet carriers Midway
68%
P) Type of German tank used in the war, aka "armored war vehicle" Panzer
68%
V) Capital of unoccupied France during the war Vichy
68%
Y) The post WW2 Allied conference was held in this Crimean port Yalta
68%
C) Invaded by Germany during the annexationof 1938 Czechoslovakia
64%
J) Norman beach where Canadian forces landed on D Day Juno
56%
R) Region of western Germany remilitarized by Hitler in 1936,a key area along the river of the same name Rhineland
56%
G) Campaign between the US and Japan in the Solomon Islands in 1942-43 Guadalcanal
48%
O) This Algerian port city was a major target in the North Africancampaign Oran
48%
K) The Soviets claimed victory in the battle near this Russiancity in 1943 Kursk
40%
S) One of the 5 beaches stormed on D Day Sword
36%
T) Capital of the Kiribati region and a key battle in 1943 Tarawa
36%
Q) US ship sunk in the battle of Savo Island in 1942 Quincy
16%
X) Covert commando unit of the British Army composed of German and Austrian Jewish refugees X Troop
8%
No matching quizzes found
Score Distribution
Percent of People with Each Score
Percentile by Number Answered
Your Score History
You have not taken this quiz